000 00889cam a2200217 4500
001 WB3802-36
008 020116n2002 000 0 eng u
035 _a(Sirsi) u116313
245 _aCouncil tax for second and empty homes
260 _c2002
490 _aRICS Residential Faculty News
_v 14 January 2002, (1)
520 _aA DTLR consultation paper outlinesproposed changes for collection of council tax on second homes and long term empty homes. The changes require primary legislation and would apply to England only. Comments should be sent to Barbara Paterson, LGF2, DTLR, Zone5/H5, Eland House, Bressenden Place, London, SW1R 5DY; E: [email protected] by 15 February 2002.
590 _aWB
650 _aCOUNCIL TAX
650 _aSECOND HOMES
650 _aEMPTY HOMES
650 _aLOCAL AUTHORITIES
650 _aHOUSING
690 _aTAXATION
942 _n0
999 _c69288
_d69288